Cognitive models of speech processing: psycholinguistic and computational perspectives
保存先:
| 第一著者: | |
|---|---|
| フォーマット: | 図書 |
| 言語: | 英語 |
| 出版事項: |
Cambridge
MIT
1995
|
| 版: | 1a. ed |
| シリーズ: | ACL-MIT Press Series in Natural Language Processing
|
| 主題: | |
| タグ: |
タグ追加
タグなし, このレコードへの初めてのタグを付けませんか!
|
MARC
| LEADER | 00000nam a2200000 a 4500 | ||
|---|---|---|---|
| 001 | UCK3645 | ||
| 003 | CL-VaPUC | ||
| 008 | 050506e19950000US |||||||||||||||||eng|d | ||
| 020 | |a 0262510847 | ||
| 082 | 0 | 4 | |a 410.285 |b ALT |2 21 |
| 100 | 0 | |a Altmann, Gerry T. M |e author |9 491828 | |
| 245 | 1 | 0 | |a Cognitive models of speech processing: psycholinguistic and computational perspectives |
| 250 | |a 1a. ed | ||
| 300 | |a 540 p | ||
| 942 | |c BK | ||
| 945 | |d 20050506 00:00:00 |a cmena | ||
| 260 | |a Cambridge |b MIT |c 1995 | ||
| 650 | 7 | |a LINGUISTICA COMPUTACIONAL |2 CL-VaPUC |9 491829 | |
| 650 | 0 | |a Psicolingüística |9 283371 | |
| 650 | 0 | |a Lenguaje hablado |9 339599 | |
| 583 | |a last modification |c 20050506 00:00:00 |k Rodrigo Vera | ||
| 490 | 0 | |a ACL-MIT Press Series in Natural Language Processing | |
| 999 | |c 312763 |d 312761 | ||
| 952 | |0 0 |1 0 |4 0 |6 410_285000000000000_ALT_1995 |7 0 |8 A |9 383588 |a FDOPOS |b FDOPOS |d 2019-11-21 |i 4117263 |o 410.285 ALT 1995 |p 4117263 |r 2025-01-22 |w 2019-11-21 |y BK |k MLA | ||